The Cambridge handbook of surveillance law (Record no. 36637)

MARC details
000 -LEADER
fixed length control field 00724nam a2200169 a 4500
008 - FIXED-LENGTH DATA ELEMENTS--GENERAL INFORMATION
fixed length control field 200708s2017 ||||||||||||||||| || u
020 ## - INTERNATIONAL STANDARD BOOK NUMBER
International Standard Book Number 9781108722100
050 ## - LIBRARY OF CONGRESS CALL NUMBER
Classification number KB 95 Cam
100 ## - MAIN ENTRY--PERSONAL NAME
Personal name Gray, David
245 14 - TITLE STATEMENT
Title The Cambridge handbook of surveillance law
Statement of responsibility, etc. Edited by David Gray; Stephen E. Henderson
260 ## - PUBLICATION, DISTRIBUTION, ETC.
Place of publication, distribution, etc. Cambridge
Name of publisher, distributor, etc. Cambridge University Press
Date of publication, distribution, etc. 2017
300 ## - PHYSICAL DESCRIPTION
Extent xv, 770 pages
350 ## - PRICE (NR) (BK AM CF MU VM SE) [OBSOLETE]
Price 51.84
650 ## - SUBJECT ADDED ENTRY--TOPICAL TERM
Topical term or geographic name entry element ELECTRONIC SURVEILANCE--LAW AND LEGISLATION--UNITED STATES
650 ## - SUBJECT ADDED ENTRY--TOPICAL TERM
Topical term or geographic name entry element INTELLIGENCE SERVICE--LAW AND LEGISLATION--UNITED STATES
995 ## - RECOMMENDATION 995 [LOCAL, UNIMARC FRANCE]
-- CBU-MAIN LIBRARY (Kitwe)
-- 51.84
-- 1
-- AVAILABLE
-- Jul 9, 2020
-- Main Library Open Access Collection
Holdings
Withdrawn status Lost status Source of classification or shelving scheme Damaged status Not for loan Home library Current library Shelving location Date acquired Total Checkouts Full call number Barcode Date last seen Price effective from Koha item type
          CBU-MAIN LIBRARY, KITWE. CBU-MAIN LIBRARY, KITWE.   11/30/2022   KB 95 Cam 750283 11/30/2022 11/30/2022 MONOGRAPH